Die Römische Villa als Indikator provinzialer Wirtschafts- und Gesellschaftsstrukturen /
The investigation of the Roman villa and its economic structures in the western provinces of the Roman Empire has clearly shown that rural settlement developed at different paces and intensities that largely depended on the specific region in which a villa landscape was intended and created. The pro...
المؤلف الرئيسي:
التنسيق: كتاب الكتروني
اللغة: German
منشور في:
Oxford :
Archaeopress Publishing Ltd,
[2015]
سلاسل:
Archaeopress archaeology.
الموضوعات:
الوصول للمادة أونلاين: Login to view Source
الوسوم: إضافة وسم
رقم الطلب: DG97
| LEADER | 02402nam a2200421 i 4500 | ||
|---|---|---|---|
| 001 | EDZ0001352809 | ||
| 003 | StDuBDS | ||
| 005 | 20230412181607.0 | ||
| 006 | m|||||o||d|||||||| | ||
| 007 | cr ||||||||||| | ||
| 008 | 160314t20152015enka f 000|0|ger|d | ||
| 020 | |a 9781784911690 (PDF ebook) : |c No price | ||
| 040 | |a StDuBDS |b eng |c StDuBDS |e rda |e pn | ||
| 041 | 0 | |a ger |b eng | |
| 050 | 4 | |a DG97 | |
| 082 | 0 | 4 | |a 937.06 |2 23 |
| 100 | 1 | |a Rind, Mareike, |e author. | |
| 245 | 1 | 4 | |a Die Römische Villa als Indikator provinzialer Wirtschafts- und Gesellschaftsstrukturen / |c Mareike Rind. |
| 264 | 1 | |a Oxford : |b Archaeopress Publishing Ltd, |c [2015] | |
| 264 | 4 | |c ©2015 | |
| 300 | |a 1 online resource : |b illustrations (black and white). | ||
| 336 | |a text |2 rdacontent | ||
| 336 | |a still image |2 rdacontent | ||
| 337 | |a computer |2 rdamedia | ||
| 338 | |a online resource |2 rdacarrier | ||
| 490 | 1 | |a Archaeopress archaeology | |
| 520 | 8 | |a The investigation of the Roman villa and its economic structures in the western provinces of the Roman Empire has clearly shown that rural settlement developed at different paces and intensities that largely depended on the specific region in which a villa landscape was intended and created. The progress of Romanisation was strongly linked to the existence of pre- Roman infrastructure in a given region. This existing infrastructure was at first acquired and successively intensified by the Romans. In its sum, the Roman villa economy was a complex and dynamic system that in its configuration vastly differed, according to the specific province. Still, the system essentially served clear functional purposes such as self-subsistence and, ideally, surplus production for the supply of the Roman military in newly conquered provinces. | |
| 521 | |a Specialized. | ||
| 546 | |a German text with extensive English summary. | ||
| 588 | |a Description based on online resource; title from home page (viewed on March 14, 2016). | ||
| 650 | 0 | |a Dwellings |z Rome |x Provinces |x History. | |
| 651 | 0 | |a Roman provinces |x Social conditions. | |
| 776 | 0 | 8 | |i Print version : |z 9781784911683 |
| 830 | 0 | |a Archaeopress archaeology. | |
| 856 | 4 | 0 | |3 Archaeopress |u http://library.arce.org:8087/Archaeopress/Products/9781784911683 |
| 942 | |2 lcc |c EBOOK | ||
| 952 | |0 0 |1 0 |4 0 |6 DG0097 |7 1 |9 46080 |a ARCH |b ARCH |d 2023-04-12 |l 0 |o DG97 |r 2023-04-12 00:00:00 |w 2023-04-12 |y EBOOK | ||
| 999 | |c 51738 |d 51738 | ||
